Urban sanitation and rehabilitation of scavengers in India: (Record no. 22583)

MARC details
000 -LEADER
fixed length control field 00536nam a2200169Ia 4500
082 ## - DEWEY DECIMAL CLASSIFICATION NUMBER
Classification number RF 0007
100 ## - MAIN ENTRY--AUTHOR NAME
Personal name Farooqui, Neelo
245 #0 - TITLE STATEMENT
Title Urban sanitation and rehabilitation of scavengers in India:
Sub Title a comparative study of Uttar Pradesh and Bihar
260 ## - PUBLICATION, DISTRIBUTION, ETC. (IMPRINT)
Year of publication 0
Name of publisher Indian Council of Social Science Research, New Delhi
300 ## - PHYSICAL DESCRIPTION
Number of Pages v.p
504 ## - BIBLIOGRAPHY, ETC. NOTE
Bibliography, etc includes appendices and bibliography
650 ## - SUBJECT ADDED ENTRY--TOPICAL TERM
Topical Term Ragpickers
650 ## - SUBJECT ADDED ENTRY--TOPICAL TERM
Topical Term Scavengers//Rarpickers
650 ## - SUBJECT ADDED ENTRY--TOPICAL TERM
Topical Term Rehabilitation
650 ## - SUBJECT ADDED ENTRY--TOPICAL TERM
Topical Term Sanitation Workers
942 ## - ADDED ENTRY ELEMENTS (KOHA)
Koha item type Research Reports
Source of classification or shelving scheme Dewey Decimal Classification
Holdings
Withdrawn status Lost status Damaged status Not for loan Collection code Home library Current library Date acquired Source of acquisition Bill Date Full call number Accession Number Price effective from Koha item type
      Not For Loan Minor Research project Reports NASSDOC Library NASSDOC Library 20/03/2015 Gifted by : RPR Division ICSSR 2014-11-19 RF 0007 48738 18/04/2019 Research Reports